00822nam a2200217 a 450000100100000000500170001000800410002702000180006804000250008608200210011110000380013224500870017026000390025730000360029650000790033250000340041150000420044550400550048760000270054265000350056900002007620200929170245.0100720s2008 cu ac 000 0 spa d a9789591014887 aDO-SdBNPbspacBNPHU a927.92809bH447a1 aHechevarría, María del Carmen10aAlicia Alonso :bmás allá de la técnica /cMaría del Carmen Hechevarría. aLa Habana :bLetras Cubana,c2008. a182 p. :bil., retrs. ;c29 cm. aIncluye datos biográficos de la autora en la solapa de la contracubierta aIncluye índice onomástico aIncluye notas al pie de las páginas aIncluye referencias bibliográficas ( p. 171-176)14aALONSO, ALICIA,d1921- 4aBailarinaszCubaxBiografías